Dossier libertà controllata : polizia, potere politico e movimenti per i diritti umani e civili (1945-2000) /

Gespeichert in:
Bibliographische Detailangaben
1. Verfasser: Maori, Andrea (Verfasst von)
Weitere Verfasser: Fanello Marcucci, Gabriella (Nachwort), Marchesi, Antonio, (1958- ) (Geleitwort verfasst von)
Format: Buch
Sprache:Italienisch
Veröffentlicht: Roma : Reality book, 2012
Schriftenreihe:Reference
Schlagworte:
Tags: Tag hinzufügen
Keine Tags, Fügen Sie das erste Tag hinzu!

MARC

LEADER 00000nam a22000007i 4500
001 IT\ICCU\UM1\0131071
003 ItRI
005 20260115232201.0
008 130103s2012 it |||||| |||||0|||||c
020 |a 9788895284286 
040 |b ita  |c importazione bologna sebina 
041 7 |a ita  |2 ISO-639-2 
082 |a 303.484  |9 Cambiamento sociale. Cambiamento indotto  |2 20 
100 1 |a Maori, Andrea  |0 IT\ICCU\CFIV\082080  |4 aut 
240 1 0 |a Dossier libertà controllata : polizia, potere politico e movimenti per i diritti umani e civili (1945-2000)  |3 IT\ICCU\UM1\0219725  |9 Maori, Andrea 
245 1 0 |a Dossier libertà controllata :  |b polizia, potere politico e movimenti per i diritti umani e civili (1945-2000) /  |c Andrea Maori ; prefazione di Antonio Marchesi ; postfazione di Gabriella Fanello Marcucci. 
260 |a Roma :  |b Reality book,  |c 2012 
300 |a 262 p. ;  |c 21 cm 
650 7 |a Diritti politici e civili  |x Movimenti  |x 1945-2000  |x Fonti archivistiche  |2 scbi 
650 7 |a Movimenti sociali  |x Italia  |x 1945-2000  |2 scbi 
700 1 |a Fanello Marcucci, Gabriella  |0 IT\ICCU\CFIV\015084  |4 aft 
700 1 |a Marchesi, Antonio,  |d  (1958- )  |0 IT\ICCU\BVEV\011951  |4 aui 
790 1 |a Fanello, Gabriella  |3 IT\ICCU\SBNV\006491  |z Fanello Marcucci, Gabriella 
790 1 |a Marcucci Fanello, Gabriella  |3 IT\ICCU\CFIV\204891  |z Fanello Marcucci, Gabriella 
830 0 |a Reference  |0 IT\ICCU\TO0\1475346 
942 |2 ddc  |c BK  |n 0 
952 |0 0  |1 0  |4 0  |6 DOC_303_484000000000000_MAO  |7 0  |9 21563  |a BO  |b BO  |d 2026-01-15  |i 18332  |l 0  |o DOC 303.484 MAO  |p BO18332  |r 2026-01-15 23:22:01  |w 2026-01-15  |x [Sebina 5] [1 v.]  |y BK  |z 1 v. 
999 |c 18411  |d 18411